| 000 | 00758nam a22002177a 4500 | ||
|---|---|---|---|
| 999 |
_c182105 _d182105 |
||
| 005 | 20211025122658.0 | ||
| 010 | _aENG-130061 | ||
| 020 |
_a978-93-81345-09-2 _c450.00 |
||
| 035 | _aEN-113593 | ||
| 037 | _bDBAD/PUB | ||
| 082 | _a891.4409 | ||
| 100 | _aBiswas,Manohar Mauli | ||
| 245 |
_aSurviving in My World: _bGrowing up Dalit in Bengal/ _cManohar Mouli Biswas |
||
| 250 | _a2020 | ||
| 260 |
_bMandira Sen For Bhatkal and Sen in the imprint Samya _c2020 _aKolkata |
||
| 270 |
_a16 Southern Avenue _e700026 _bKolkata _mbhatkalsenss@gmail.com |
||
| 300 |
_a125p _c22cm (pbk) _bIndex ,notes |
||
| 500 | _aIndex, Notes | ||
| 700 | _aBy Translated and Edited by Angana Dutta and Jaydeep Sarani | ||
| 942 |
_2ddc _cEN _h891.4409 _mBIS |
||